GleichZEITige Länder wie Deutschland - Sudden Death - Statistiken

Allgemein
  • Dieses Quiz wurde 258 mal gespielt
  • Das Durchschnittsergebnis liegt bei 5 aus 15
Answers on the Grid
Answers color-coded by a green-red scale on the quiz's grid according to % correct below.
Zypern🇨🇾
Israel🇮🇱
Irland🇮🇪
Moldau🇲🇩
Rumänien🇷🇴
Salomonen🇸🇧
Uruguay🇺🇾
Litauen🇱🇹
Namibia🇳🇦
Sambia🇿🇲
Äthiopien🇪🇹
Belarus🇧🇾
Island🇮🇸
Libyen🇱🇾
Ägypten🇪🇬
Angola🇦🇴
Marokko🇲🇦
Serbien🇷🇸
Schweden🇸🇪
Nigeria🇳🇬
Kamerun🇨🇲
Malta🇲🇹
D.R. Kongo🇨🇩
Kroatien🇭🇷
Norwegen🇳🇴
Algerien🇩🇿
Tunesien🇹🇳
Österreich🇦🇹
Polen🇵🇱
Slowenien🇸🇮
 
Antwortstatistiken
Antwort % Korrekt
Österreich🇦🇹
68%
Polen🇵🇱
67%
Norwegen🇳🇴
54%
Schweden🇸🇪
54%
Kroatien🇭🇷
47%
Slowenien🇸🇮
37%
Malta🇲🇹
34%
Serbien🇷🇸
31%
Tunesien🇹🇳
22%
Algerien🇩🇿
20%
Marokko🇲🇦
12%
Kamerun🇨🇲
11%
Nigeria🇳🇬
11%
D.R. Kongo🇨🇩
8%
Angola🇦🇴
6%
Keine übereinstimmenden Quizze gefunden
Verteilung der Resultate
Anzahl Personen mit jedem Resultat
Perzentil nach korrekt beantworteten Fragen
Ihre Resultats-Entwicklung
Sie haben dieses Quiz noch nicht gespielt